Die 130 besten deutschen Sportler/-innen - Statistiken

Allgemein
  • Dieses Quiz wurde 194 mal gespielt
  • Das Durchschnittsergebnis liegt bei 32 aus 130
Antwortstatistiken
Sportart Initialen Sportler\ in % Korrekt
⚽ Fußball G. M. Gerd Müller
81%
⚽ Fußball F. B. Franz Beckenbauer
75%
🎾 Tennis B. B. Boris Becker
74%
🏎️ Formel 1 M. S. Michael Schumacher
70%
🏎️ Formel 1 S. V. Sebastian Vettel
66%
🎾 Tennis S. G. Steffi Graf
66%
🏀 Basketball D. N. Dirk Nowitzki
64%
🏃🏼‍♀️ Weitsprung, Sprint &Fünfkampf H. E.-R. Heike Ecker - Rosendahl
64%
🏓 Tischtennis T. B. Timo Boll
62%
⚽ Fußball L. M. Lothar Matthäus
61%
⚽ Fußball (Torhüter) S. M. Sepp Maier
60%
⚽ Fußball F. W. Fritz Walter
55%
🚴🏻‍♂️ Radrennen J. U. Jan Ullrich
55%
🥊 Boxen H. M. Henry Maske
54%
🚗 Motorsport - Rallye W. R. Walter Röhrl
53%
Bob A. L. André Lange
52%
🤸🏻 Turnen F. L. J. Friedrich Ludwig Jahn
51%
🎿 Skispringen S. H. Sven Hannawald
49%
Bob F. F. Francesco "Franz" Friedrich
48%
⚽ Fußball U. S. Uwe Seeler
48%
🏊🏼‍♀️ Schwimmen F. v. A. Franziska van Almsick
47%
⚽ Fußball J. K. Jürgen Klinsmann
44%
🛶 Kanu B. F. Birgit Fischer
41%
⚽ Fußball G. N. Günter Netzer
41%
🎿 Biathlon M. N. Magdalena Neuner
40%
🏋🏻‍♂️ Gewichtheben M. S. Matthias Steiner
40%
🎿 Biathlon S. F. Sven Fischer
40%
Stabhochsprung T. L. Tim Lobinger
40%
🛷 Rennrodeln F. L. Felix Loch
38%
🎿 Skispringen J. W. Jens Weißflog
38%
⛸️ Eiskunstlauf K. W. Katarina Witt
38%
🎾 Tennis A. K. Angelique Kerber
37%
🏇🏼 Dressurreiten I. W. Isabell Werth
37%
🎿 Biathlon A. H. Andrea Henkel
36%
🏌🏻 Golf B. L. Bernhard Langer
36%
⛸️ Eisschnelllauf C. P. Claudia Pechstein
36%
🎿 Skispringen D. T. Dieter Thoma
36%
🎿 Biathlon L. D. Laura Dahlmeier
36%
⚽ Fußball M. K. Miroslav Klose
35%
🎿 Biathlon R. G. Ricco Groß
35%
🏊🏻‍♂️ Schwimmen M. G. Michael Groß
33%
🎿 Ski - Alpin M. H.-R. Maria Höfl - Riesch
32%
🛷 Rennrodeln G. H. Georg Hackl
30%
⛸️ Eiskunstlauf H.-J. B. Hans - Jürgen Bäumler
30%
🥊 Boxen M. S. Max Schmeling
30%
🎿 Nordische Kombination E. F. Eric Frenzel
29%
🚴🏻‍♂️ Radrennen E. Z. Eric Zabel
29%
🏃🏼‍♀️ Weitsprung & Sprint H. D. Heike Drechsler
28%
Hochsprung H. H. Heike Henkel
28%
⚽ Fußball H. R. Helmut Rahn
28%
🎿 Ski - Alpin M. W. Markus Wasmeier
27%
🏊🏻‍♂️ Schwimmen P. B. Paul Biedermann
27%
Hochsprung U. M. Ulrike Meyfarth
27%
🤾🏻 Handball E. W. Erhard "Sepp" Wunderlich
26%
🎿 Biathlon K. W. Kati Wilhelm
26%
🎿 Biathlon U. D. Uschi Disl
25%
🏊🏼‍♀️ Freistilschwimmen B. S. Britta Steffen
24%
⚽ Fußball H.-J. D. Hans - Jürgen "Dixie" Dörner
23%
🤾🏻‍♂️ Handball H. B. Heiner Brand
23%
🏇🏻 Springreiten L. B. Ludger Beerbaum
23%
🎿 Ski - Alpin R. M. Rosi Mittermaier
23%
💿 Diskuswurf L. R. Lars Riedel
22%
MonoSkiBob A.-L. F. Anna - Lena Forster
21%
🏃🏻‍♂️ Langstreckenlauf D. B. Dieter Baumann
21%
⛸️ Eisschnelllauf A. F.-P. Anni Friesinger - Postma
19%
⚽ Fußball B. P. Brigit Prinz
19%
🚴🏼‍♀️ Bahnrad K. V. Kristina Vogel
19%
⛸️ Eisschnelllauf G. N.-S. Gunda Niemann - Stirnemann
18%
🏓 Tischtennis J. R. Jörg Roßkopf
18%
🏒 Eishockey E. K. Erich Kühnhackl
17%
🤺 Fechten H. M. Helene Mayer
17%
🎿 Ski - Alpin K. S. Katja Seizinger
17%
🚗 Tourenwagen K. L. Klaus Ludwig
17%
🏊🏼‍♀️ Schwimmen K. O. Kristin Otto
17%
🏐 Beach - Volleyball J. R. Jonas Reckermann
16%
⛸️ Eiskunstlauf (Paar) R. B.-F. Ria Baran - Falk
16%
⚪ Kugelstoßen A. K. Astrid Kumbernuss
15%
🚴🏻‍♂️ Radrennen D. T. Dietrich "Didi" Thurau
15%
🛷 Rennrodeln N. G. Natalie Geisenberger
14%
🚴🏻‍♂️ Radrennen R. A. Rudi Altig
14%
🏇🏻 Springreiten H. G. W. Hans Günter Winkler
13%
🎿 Ski - Alpin M. E. Martina Ertl
13%
🏊🏼‍♀️ Freiwasser -Schwimmen T. L. Thomas Lurz
13%
⚽ Fußball B. T. Bert Trautmann
12%
🎾 Tennis G. v. C. Gottfried von Cramm
12%
⛸️ Eiskunstlauf M. K. Marika Kilius
12%
🏃🏻 100 m Sprint A. H. Armin Hary
11%
🥊 Boxen R. W. René Weller
10%
🤸🏼‍♀️ Rhythmische Sportgymnastik D. V. Darja Varfolomeev
9%
Hochsprung D. M. Dietmar Mögenburg
9%
🏇🏻 Dressurreiten J. N. Josef Neckermann
9%
🏇🏻 Dressurreiten R. K. Reiner Klimke
9%
🛶 Kanu S. B. Sebastian Brendel
9%
🎿 Skispringen H. R. Helmut Recknagel
8%
⚽ Fußball J. S. Joachim Streich
8%
⚽ Fußball M. M. Max Morlock
8%
🤸🏻 Turnen E. G. Eberhard Gienger
7%
♟️ Schach E. L. Emanuel Lasker
7%
🚴🏻‍♂️ Radrennen G.-A. S. Gustav - Adolf "Täve" Schur
7%
⚽ Fußball J. S. Jürgen Sparwasser
7%
🏇🏻 Springreiten P. S. Paul Schockemöhle
7%
🥊 Boxen R. H. Regina Halmich
7%
🏋🏻‍♂️Gewichtheben R. M. Rolf Milser
7%
🤼‍♂️ Ringen W. D. Wilfried Dietrich
7%
🥊 Boxen B. S. Bubi Scholz
6%
🏍️ Motorrad,- &Autorennen B. R. Bernd Rosemeyer
5%
🏃🏻 Leichtathletik (Ringe & Barren) C. S. Carl Schuhmann
5%
🎾 Tennis C. A. Cilly Aussem
5%
⚽ Fußball E. H. Erwin Helmchen
5%
🥊 Boxen K. M. Karl Mildenberger
5%
🤸🏼‍♀️ Rhythmische Sportgymnastik M. B. Magdalena Brzeska
5%
🏃🏼‍♀️ Leichtathletik M. K. Marita Koch
5%
🏊🏻‍♂️ Rückenschwimmen R. M. Roland Matthes
5%
♟️ Schach A. A. Adolf Anderssen
4%
🎾 Tennis H. K.-S. Hilde Krahwinkel - Sperling
4%
⛸️ Eisschnelllauf K. E. Karin Enke
4%
🏊🏼‍♀️ Schwimmen K. E. Kornelia Ender
4%
🏊🏼‍♀️ Schwimmen K. B. Kirsten Bruhn
3%
🏇🏼 Dressurreiten L. L. Liselott Linsenhoff
3%
🏃🏼‍♀️ Leichtathletik M. G. Marlies Göhr
3%
Speerwurf U. H. Uwe Hohn
3%
MonoSkiBob A. S. Anna Schaffelhuber
2%
⛸️ Eisschnelllauf C. R. Christa Rothenburger
2%
🎾 Tennis H. M. Helga Masthoff
2%
⛵ Segeln W. K. Willi Kuhweide
2%
🏋🏻‍♂️Gewichtheben G. B. Gerd Bonk
1%
🏃🏼‍♀️ Leichtathletik R. S. Renate Stecher
1%
🏎️ Autorennen R. C. Rudolf Caracciola
1%
🏃🏻 Mittelstreckenlauf R. H. Rudolf Harbig
1%
🏃🏻 Leichtathletik W. W. Willi Wülbeck
1%
Keine übereinstimmenden Quizze gefunden
Verteilung der Resultate
Anzahl Personen mit jedem Resultat
Perzentil nach korrekt beantworteten Fragen
Ihre Resultats-Entwicklung
Sie haben dieses Quiz noch nicht gespielt